000 00469pab a2200169 454500
008 180718b1998 xxu||||| |||| 00| 0 eng d
100 _aPotkanski, Tomsaz
245 _aWater scarcity, property regimes and irrigation management in Sonjo, Tanzania
260 _c1998
300 _ap.86-116
362 _aApr
650 _aIrrigation - Tanzania
650 _aIrrigation
700 _aAdams, William M.
773 _aJournal of Development Studies
909 _a41750
999 _c41750
_d41750